000 00682nam a22002417a 4500
003 UA-OsUOA
001 79089
007 ta
008 20111101b un ||||| |||| 00| 0 ukr d
100 _aКалліст (УЕР) митрополит Діоклійський
090 _a281.9
_bК17
942 _cBK
040 _aUA-OsUOA
_bukr
_cUA-OsUOA
_dUA-OsUOA
245 _aПравославна церква
300 _a384 с.
955 _a2
041 _aukr
080 _a281.9
020 _a978-966-378-096-2
260 _aК.
_bДУХ І ЛІТЕРА
_c2009
650 7 _a281.9 Східна православна церква і скопці
_2UDC
999 _c365402
_d365402